Continental General Knowledge Quiz Stats

 Plays Quiz not verified by Sporcle

Challenge
Share
Tweet
Embed
Score 0/52 Timer 10:00
0 Plays Today
% Correct
Everest
94.6%
Nile
93.6%
China
93.4%
Brazil
90.6%
USA
90.5%
Australia
87.2%
Australia
87.2%
Vatican City
86.7%
Amazon
86.3%
Russia
85.3%
Harvard University
79.9%
Mississippi-Missouri
72.1%
Michael Phelps
69.5%
University of Cambridge
68.6%
Nigeria
65.7%
Canada
65.5%
Sydney
64.1%
Kilimanjaro
62.4%
Moscow
61.9%
Japan
60%
Mount McKinley
57.9%
University of Tokyo
57%
Mexico City
55.5%
Yangtze
54.2%
Shanghai
53.2%
São Paulo
50.4%
% Correct
Suriname
48.4%
Nauru
41.6%
Toyota
36.4%
Lagos
35.7%
Saint Kitts and Nevis
35.2%
Uruguay
34.5%
Volga
34.3%
Shell
33.6%
Seychelles
30.3%
Iceland
28.9%
Ian Thorpe
25.1%
Maldives
23.7%
ExxonMobil
18.9%
Murray-Darling
17.9%
Aconcagua
17.3%
Elbrus
16.6%
University of Cape Town
16.3%
Libya
14.4%
Vinson Massif
7.1%
Puncak Jaya
3.6%
Australian National University
3.6%
Petrobras
3.3%
BHP Billiton
2.6%
Kenenisa Bekele
2.4%
Larissa Latynina
0.9%
Sawao Kato
0.7%

You're not logged in!

Compare scores with friends on all Sporcle quizzes.
Join for Free
OR
Log In

You Might Also Like...

Show Comments

Extras

Top Quizzes Today


Score Distribution

Your Account Isn't Verified!

In order to create a playlist on Sporcle, you need to verify the email address you used during registration. Go to your Sporcle Settings to finish the process.

Report this User

Report this user for behavior that violates our Community Guidelines.

Details: